[Event "GER-ch U18"]
[Site "Willingen"]
[Date "2023.05.31"]
[Round "6"]
[White "Bui, Bao Anh Le"]
[Black "Matthaei, Jakob"]
[Result "1/2-1/2"]
[WhiteElo "2136"]
[BlackElo "2046"]
[PlyCount "94"]
[EventDate "2023.05.28"]
[EventType "swiss"]
[EventRounds "9"]
[EventCountry "GER"]
[SourceTitle "CBM 214 Extra"]
[Source "ChessBase"]
[SourceDate "2023.07.31"]
[SourceVersion "1"]
[SourceVersionDate "2023.07.31"]
[SourceQuality "1"]

1. e4 e5 2. Nf3 Nc6 3. Bc4 Bc5 4. c3 Nf6 5. d3 0-0 6. Nbd2 d5 7. exd5 Nxd5 8. 0-0 Bg4 9. h3 Bh5 10. Ne4 Be7 11. Ng3 Bg6 12. Re1 Bf6 13. Ne4 Bxe4 14. dxe4 Nb6 15. Bb5 Qxd1 16. Rxd1 Rfd8 17. Rxd8+ Rxd8 18. Be3 Ne7 19. a4 Nbc8 20. Be2 Ng6 21. g3 Be7 22. a5 a6 23. Ra4 Kf8 24. c4 c6 25. h4 f6 26. Nd2 Ke8 27. Bg4 Nf8 28. h5 Kf7 29. f4 Ne6 30. fxe5 fxe5 31. Nf3 Kf6 32. Ra1 Bc5 33. Bxc5 Nxc5 34. Rf1 Nd6 35. b4 Ncxe4 36. Nd4+ Ke7 37. Ne6 Rg8 38. Re1 Nf6 39. Bh3 Nde4 40. Nc5 Nxc5 41. bxc5 e4 42. Bf5 Kf7 43. Rb1 Rb8 44. Kf2 g6 45. hxg6+ hxg6 46. Bh3 Ke7 47. Ke3 Kf7 1/2-1/2

[Event "GER-ch U18"]
[Site "Willingen"]
[Date "2023.05.30"]
[Round "4"]
[White "Musiolik, David"]
[Black "Bui, Bao Anh Le"]
[Result "1/2-1/2"]
[WhiteElo "2291"]
[BlackElo "2136"]
[PlyCount "144"]
[EventDate "2023.05.28"]
[EventType "swiss"]
[EventRounds "9"]
[EventCountry "GER"]
[SourceTitle "CBM 214 Extra"]
[Source "ChessBase"]
[SourceDate "2023.07.31"]
[SourceVersion "1"]
[SourceVersionDate "2023.07.31"]
[SourceQuality "1"]

1. e4 c5 2. Nf3 d6 3. d4 cxd4 4. Nxd4 Nf6 5. Nc3 a6 6. g3 e5 7. Nde2 Be7 8. Bg2 0-0 9. 0-0 b5 10. Nd5 Nxd5 11. Qxd5 Ra7 12. Be3 Be6 13. Qd2 Rb7 14. Nc3 Nd7 15. Rfd1 Nf6 16. Bg5 b4 17. Bxf6 Bxf6 18. Nd5 Bxd5 19. Qxd5 Rb6 20. Bf1 Qc8 21. Bc4 h5 22. a3 Rc6 23. b3 bxa3 24. Rxa3 Bd8 25. Rd3 a5 26. Rf3 Qc7 27. Ra1 Rc5 28. Qd2 Qe7 29. Rf5 g6 30. Rf3 Kg7 31. Rd3 Bc7 32. Kg2 f5 33. exf5 e4 34. Rd5 Rxd5 35. Bxd5 Rxf5 36. Re1 Re5 37. Qd4 Bb6 38. Qxb6 Rxd5 39. Qe3 Re5 40. Rd1 Qf6 41. Rd4 Qe6 42. h4 Qe7 43. Rc4 Qb7 44. Kg1 Kh7 45. Qc3 Re7 46. Rc8 Rg7 47. Re8 Qd5 48. Qe1 Qc6 49. Qxe4 Qxe4 50. Rxe4 Rc7 51. Re2 Kg7 52. Kg2 Rc3 53. f3 Kf6 54. g4 a4 55. bxa4 hxg4 56. fxg4 Rc4 57. Rf2+ Kg7 58. Kg3 Rxa4 59. Rf3 Rc4 60. c3 d5 61. Rd3 Kf6 62. Kf3 Ke5 63. Kg3 Kf6 64. h5 gxh5 65. gxh5 Rc5 66. Kg4 Rc4+ 67. Kg3 Rc5 68. Kf2 d4 69. cxd4 Rxh5 70. Re3 Rh4 71. Rd3 Ke6 72. Ke3 Kd5 1/2-1/2

[Event "GER-ch U18"]
[Site "Willingen"]
[Date "2023.05.28"]
[Round "1"]
[White "Bui, Bao Anh Le"]
[Black "Laux, Dominik"]
[Result "1/2-1/2"]
[WhiteElo "2136"]
[BlackElo "2297"]
[PlyCount "55"]
[EventDate "2023.05.28"]
[EventType "swiss"]
[EventRounds "9"]
[EventCountry "GER"]
[SourceTitle "CBM 214 Extra"]
[Source "ChessBase"]
[SourceDate "2023.07.31"]
[SourceVersion "1"]
[SourceVersionDate "2023.07.31"]
[SourceQuality "1"]

1. e4 c5 2. Nf3 d6 3. Bb5+ Nd7 4. a4 Ngf6 5. Nc3 e6 6. 0-0 a6 7. Be2 b6 8. d4 cxd4 9. Qxd4 Bb7 10. Nd2 d5 11. exd5 Nxd5 12. Nxd5 Bxd5 13. c4 Bc6 14. Bf3 Qc7 15. Bxc6 Qxc6 16. Nf3 Nc5 17. Ne5 Qb7 18. Qe3 Bd6 19. b4 Bxe5 20. Qxe5 Nd3 21. Qc3 Nxc1 22. Rfxc1 0-0 23. Ra2 Rfd8 24. h3 h6 25. a5 Rab8 26. axb6 Qxb6 27. Ra4 Qc6 28. Ra5 1/2-1/2

[Event "Vlissingen HZ op 24th"]
[Site "Vlissingen"]
[Date "2022.08.11"]
[Round "7"]
[White "Bui, Bao Anh Le"]
[Black "Haak, Eelco"]
[Result "1/2-1/2"]
[WhiteElo "2159"]
[BlackElo "1933"]
[PlyCount "38"]
[EventDate "2022.08.06"]
[EventType "swiss"]
[EventRounds "9"]
[EventCountry "NED"]
[SourceTitle "CBM 209 Extra"]
[Source "ChessBase"]
[SourceDate "2022.09.30"]
[SourceVersion "1"]
[SourceVersionDate "2022.09.30"]
[SourceQuality "1"]

1. e4 e6 2. d4 d5 3. Nc3 Bb4 4. e5 c5 5. a3 Bxc3+ 6. bxc3 Ne7 7. h4 Qa5 8. Bd2 Nbc6 9. h5 Bd7 10. h6 gxh6 11. a4 0-0-0 12. Rh3 Qc7 13. Bxh6 cxd4 14. cxd4 Nf5 15. Be3 f6 16. f4 Rdg8 17. Kf2 h5 18. Nf3 Rg4 19. Nh2 Rgg8 1/2-1/2

[Event "Vlissingen HZ op 24th"]
[Site "Vlissingen"]
[Date "2022.08.08"]
[Round "4"]
[White "Wiewesiek, Timo"]
[Black "Bui, Bao Anh Le"]
[Result "0-1"]
[WhiteElo "1976"]
[BlackElo "2159"]
[PlyCount "86"]
[EventDate "2022.08.06"]
[EventType "swiss"]
[EventRounds "9"]
[EventCountry "NED"]
[SourceTitle "CBM 209 Extra"]
[Source "ChessBase"]
[SourceDate "2022.09.30"]
[SourceVersion "1"]
[SourceVersionDate "2022.09.30"]
[SourceQuality "1"]

1. e4 c5 2. Nc3 Nc6 3. Bb5 Nd4 4. Bc4 e6 5. Nge2 Nf6 6. 0-0 b5 7. Nxd4 bxc4 8. Nf3 Be7 9. d4 cxd3 10. Qxd3 Qb6 11. a4 Ba6 12. Nb5 Qc6 13. Ne5 Bxb5 14. axb5 Qxe4 15. Nxd7 Qxd3 16. Nxf6+ Bxf6 17. cxd3 Kd7 18. Be3 Rhb8 19. Bxc5 Rxb5 20. Rxa7+ Rxa7 21. Bxa7 Rxb2 22. Be3 Kd6 23. g3 Rb3 24. Rd1 g5 25. g4 Bd8 26. Kg2 f5 27. Kf3 f4 28. Ba7 Kd5 29. h4 h6 30. hxg5 hxg5 31. Ke2 Ra3 32. Bb8 Bb6 33. Rb1 Ra2+ 34. Kd1 Bxf2 35. Rb5+ Kd4 36. Be5+ Kxd3 37. Rb3+ Ke4 38. Bf6 Bh4 39. Rb5 f3 40. Rb4+ Ke3 41. Rb3+ Kf2 42. Bxg5 Ra1+ 43. Bc1 Bg5 0-1

[Event "GER-chT U16"]
[Site "Kiel"]
[Date "2022.07.25"]
[Round "6.3"]
[White "Bui, Bao Anh Le"]
[Black "Reichmann, Felix"]
[Result "1-0"]
[WhiteElo "2109"]
[BlackElo "1827"]
[PlyCount "57"]
[EventDate "2022.07.22"]
[EventType "team-swiss"]
[EventRounds "7"]
[EventCountry "GER"]
[SourceTitle "CBM 209 Extra"]
[Source "ChessBase"]
[SourceDate "2022.09.30"]
[SourceVersion "1"]
[SourceVersionDate "2022.09.30"]
[SourceQuality "1"]
[WhiteTeam "Berlin Mattnetz"]
[BlackTeam "Berlin SF"]
[WhiteTeamCountry "GER"]
[BlackTeamCountry "GER"]

1. e4 c5 2. Nf3 g6 3. d4 cxd4 4. Qxd4 Nf6 5. Nc3 Nc6 6. Qa4 d6 7. e5 dxe5 8. Nxe5 Qd4 9. Nxc6 Qxa4 10. Nxa4 bxc6 11. Bd2 Nd5 12. 0-0-0 Bg7 13. Be2 0-0 14. Bf3 Rb8 15. b3 e5 16. c4 Ne7 17. Be3 Rb7 18. Bc5 Bh6+ 19. Kb2 Bg7 20. Nc3 Bf5 21. Bxe7 Rxe7 22. Bxc6 e4 23. Rhe1 Rc8 24. Bb5 Bh6 25. Nd5 Bg7+ 26. Nc3 Bh6 27. b4 Bg7 28. Kb3 a6 29. Bxa6 1-0

[Event "GER-ch U16"]
[Site "Willingen"]
[Date "2022.06.05"]
[Round "2"]
[White "Farokhi, Keyvan"]
[Black "Bui, Bao Anh Le"]
[Result "1/2-1/2"]
[WhiteElo "2360"]
[BlackElo "2127"]
[PlyCount "81"]
[EventDate "2022.06.04"]
[EventType "swiss"]
[EventRounds "9"]
[EventCountry "GER"]
[SourceTitle "CBM 208 Extra"]
[Source "ChessBase"]
[SourceDate "2022.07.31"]
[SourceVersion "1"]
[SourceVersionDate "2022.07.31"]
[SourceQuality "1"]

1. e4 c5 2. Nf3 d6 3. d4 cxd4 4. Nxd4 Nf6 5. Nc3 a6 6. Bd3 e5 7. Nde2 Be7 8. 0-0 0-0 9. Ng3 b5 10. Bg5 Be6 11. Qf3 Nbd7 12. Nf5 b4 13. Ne2 h6 14. Bh4 Bxf5 15. Qxf5 g6 16. Qf3 Nh5 17. Bg3 Qc7 18. c3 a5 19. cxb4 axb4 20. a3 Qb7 21. Bc4 Nb6 22. Bb3 bxa3 23. bxa3 Kg7 24. Rfb1 Qd7 25. Qd3 Nxg3 26. hxg3 f5 27. Nc3 Ra5 28. Bd5 fxe4 29. Bxe4 Na4 30. Rb7 Qe6 31. Bd5 Qf6 32. Ne4 Nc5 33. Nxf6 Nxd3 34. Rxe7+ Kxf6 35. Re6+ Kg5 36. Rxd6 Nxf2 37. Re1 Ng4 38. Bf3 h5 39. Re6 Rxa3 40. Bxg4 hxg4 41. R6xe5+ 1/2-1/2

[Event "Reinstorf Blitz op"]
[Site "Reinstorf"]
[Date "2022.02.04"]
[Round "2"]
[White "Carlstedt, Jonathan"]
[Black "Bui, Bao Anh Le"]
[Result "1/2-1/2"]
[WhiteElo "2440"]
[BlackElo "2132"]
[PlyCount "76"]
[EventDate "2022.01.29"]
[EventType "swiss (blitz)"]
[EventRounds "9"]
[EventCountry "GER"]
[SourceTitle "CBM 206 Extra"]
[Source "ChessBase"]
[SourceDate "2022.03.31"]
[SourceVersion "1"]
[SourceVersionDate "2022.03.31"]
[SourceQuality "1"]

1. c4 e5 2. g3 c5 3. Bg2 Nc6 4. Nc3 g6 5. d3 Bg7 6. h4 h5 7. Bg5 Qa5 8. Nf3 d6 9. 0-0 Be6 10. Nd5 Bxd5 11. cxd5 Nce7 12. Nd2 Nf6 13. e4 Qc7 14. a4 0-0 15. Nc4 b6 16. f4 Ng4 17. Bxe7 Qxe7 18. f5 Bf6 19. Bh3 Nh6 20. Qd2 Kg7 21. b4 g5 22. hxg5 Bxg5 23. Qe2 Ng4 24. Bxg4 hxg4 25. Qxg4 f6 26. Qh5 Rh8 27. Qf3 Rh3 28. Kg2 Rah8 29. Rh1 Rxh1 30. Rxh1 Rxh1 31. Kxh1 cxb4 32. Qf2 Qe8 33. a5 b3 34. axb6 axb6 35. Qxb6 Qh5+ 36. Kg2 Qe2+ 37. Kh3 Qh5+ 38. Kg2 Qe2+ 1/2-1/2

[Event "Reinstorf Blitz op"]
[Site "Reinstorf"]
[Date "2022.02.04"]
[Round "7"]
[White "Knuedel, Torben"]
[Black "Bui, Bao Anh Le"]
[Result "1-0"]
[WhiteElo "2197"]
[BlackElo "2132"]
[PlyCount "47"]
[EventDate "2022.01.29"]
[EventType "swiss (blitz)"]
[EventRounds "9"]
[EventCountry "GER"]
[SourceTitle "CBM 206 Extra"]
[Source "ChessBase"]
[SourceDate "2022.03.31"]
[SourceVersion "1"]
[SourceVersionDate "2022.03.31"]
[SourceQuality "1"]

1. e4 c5 2. Nc3 Nc6 3. Nge2 Nd4 4. Nxd4 cxd4 5. Ne2 e5 6. d3 g6 7. g3 Bg7 8. Bg2 Ne7 9. 0-0 0-0 10. f4 d6 11. c3 dxc3 12. bxc3 d5 13. fxe5 dxe4 14. d4 Bf5 15. Qc2 f6 16. exf6 Rxf6 17. Bg5 Re6 18. Nf4 Rc6 19. Bxe4 Bxd4+ 20. Kh1 Rxc3 21. Qe2 Qd7 22. Bxe7 Qxe7 23. Bxf5 Qxe2 24. Nxe2 1-0

[Event "Reinstorf op"]
[Site "Reinstorf"]
[Date "2022.02.02"]
[Round "5"]
[White "Mueller, Christian7777"]
[Black "Bui, Bao Anh Le"]
[Result "1/2-1/2"]
[WhiteElo "1926"]
[BlackElo "2132"]
[PlyCount "38"]
[EventDate "2022.01.29"]
[EventType "swiss"]
[EventRounds "9"]
[EventCountry "GER"]
[SourceTitle "CBM 206 Extra"]
[Source "ChessBase"]
[SourceDate "2022.03.31"]
[SourceVersion "1"]
[SourceVersionDate "2022.03.31"]
[SourceQuality "1"]

1. e4 c5 2. Nf3 d6 3. Bb5+ Nd7 4. a4 a6 5. Be2 Ngf6 6. Nc3 e6 7. 0-0 Be7 8. d4 Qc7 9. a5 0-0 10. d5 Ne5 11. Nxe5 dxe5 12. Bc4 exd5 13. Nxd5 Nxd5 14. Bxd5 Bd7 15. c4 Rad8 16. Qb3 Bc6 17. Qg3 Kh8 18. Bd2 f5 19. f3 f4 1/2-1/2

[Event "Reinstorf op"]
[Site "Reinstorf"]
[Date "2022.01.31"]
[Round "3"]
[White "Gressmann, Hanna"]
[Black "Bui, Bao Anh Le"]
[Result "0-1"]
[WhiteElo "1892"]
[BlackElo "2132"]
[PlyCount "80"]
[EventDate "2022.01.29"]
[EventType "swiss"]
[EventRounds "9"]
[EventCountry "GER"]
[SourceTitle "CBM 206 Extra"]
[Source "ChessBase"]
[SourceDate "2022.03.31"]
[SourceVersion "1"]
[SourceVersionDate "2022.03.31"]
[SourceQuality "1"]

1. d4 d5 2. Nf3 e6 3. e3 Nf6 4. b3 Nbd7 5. Bb2 Be7 6. Bd3 b6 7. 0-0 Bb7 8. Nbd2 0-0 9. Qe2 Ne4 10. c4 Bd6 11. Ne5 a5 12. a3 Bxe5 13. dxe5 Nxd2 14. Qxd2 Nc5 15. Qc2 Nxd3 16. Qxd3 a4 17. Rfd1 dxc4 18. Qxd8 Rfxd8 19. bxc4 c5 20. Rd6 Rxd6 21. exd6 f6 22. Kf1 Rd8 23. Rd1 Kf7 24. f3 Ba6 25. Rc1 Rxd6 26. Ke2 e5 27. Rc2 Ke6 28. Bc1 f5 29. Bb2 g5 30. Bc1 h5 31. g3 g4 32. f4 exf4 33. gxf4 h4 34. Kf2 Rd1 35. Ke2 Rh1 36. Kd3 Bb7 37. Rb2 Be4+ 38. Kd2 Rxh2+ 39. Ke1 Rxb2 40. Bxb2 h3 0-1

[Event "Reinstorf op"]
[Site "Reinstorf"]
[Date "2022.01.30"]
[Round "2"]
[White "Bui, Bao Anh Le"]
[Black "Schulze, Tim"]
[Result "1/2-1/2"]
[WhiteElo "2132"]
[BlackElo "1578"]
[PlyCount "79"]
[EventDate "2022.01.29"]
[EventType "swiss"]
[EventRounds "9"]
[EventCountry "GER"]
[SourceTitle "CBM 206 Extra"]
[Source "ChessBase"]
[SourceDate "2022.03.31"]
[SourceVersion "1"]
[SourceVersionDate "2022.03.31"]
[SourceQuality "1"]

1. e4 c6 2. d4 d5 3. e5 Bf5 4. h4 h5 5. Bd3 Bxd3 6. Qxd3 Qa5+ 7. Nd2 e6 8. Ngf3 Nh6 9. 0-0 Nf5 10. c4 Qa6 11. b3 Be7 12. g3 0-0 13. Bb2 Nd7 14. Rac1 Rac8 15. Qb1 Rfd8 16. Rfd1 Qb6 17. Kg2 a5 18. Qd3 Qa6 19. Ne1 Qa7 20. Ndf3 Qa6 21. c5 Qxd3 22. Nxd3 Ra8 23. a3 Rdc8 24. Rc2 g6 25. Rdc1 Nb8 26. Bc3 Bd8 27. Bd2 Na6 28. Be3 Nc7 29. a4 Na6 30. Kh3 Kg7 31. Bd2 Kg8 32. g4 hxg4+ 33. Kxg4 Kg7 34. Rh1 Bc7 35. Rcc1 Rh8 36. Bg5 Bd8 37. Be3 Rh5 38. Nf4 Rh7 39. Nd3 Be7 40. Bg5 1/2-1/2

[Event "Reinstorf op"]
[Site "Reinstorf"]
[Date "2022.01.29"]
[Round "1"]
[White "Wetterling, Manfred"]
[Black "Bui, Bao Anh Le"]
[Result "0-1"]
[WhiteElo "1619"]
[BlackElo "2132"]
[PlyCount "52"]
[EventDate "2022.01.29"]
[EventType "swiss"]
[EventRounds "9"]
[EventCountry "GER"]
[SourceTitle "CBM 206 Extra"]
[Source "ChessBase"]
[SourceDate "2022.03.31"]
[SourceVersion "1"]
[SourceVersionDate "2022.03.31"]
[SourceQuality "1"]

1. e4 c5 2. Nf3 d6 3. d4 cxd4 4. Nxd4 Nf6 5. Nc3 a6 6. Bg5 e6 7. f4 h6 8. Bh4 Qb6 9. Na4 Qa5+ 10. c3 b5 11. b4 Qxa4 12. Bxf6 Qxd1+ 13. Rxd1 gxf6 14. Be2 Bb7 15. Bf3 Nd7 16. 0-0 Nb6 17. Bh5 Ke7 18. e5 dxe5 19. fxe5 Bg7 20. exf6+ Bxf6 21. Rxf6 Kxf6 22. Rf1+ Ke5 23. Bxf7 Bd5 24. Bxe6 Bxe6 25. Re1+ Kd5 26. Rxe6 Na4 0-1

[Event "GER-ch U16"]
[Site "Willingen"]
[Date "2021.08.25"]
[Round "4"]
[White "Bui, Bao Anh Le"]
[Black "Laux, Dominik"]
[Result "1/2-1/2"]
[WhiteElo "2179"]
[BlackElo "2085"]
[PlyCount "51"]
[EventDate "2021.08.22"]
[EventType "swiss"]
[EventRounds "9"]
[EventCountry "GER"]
[SourceTitle "EXT 2022"]
[Source "ChessBase"]
[SourceDate "2021.10.06"]
[SourceVersion "1"]
[SourceVersionDate "2021.10.06"]
[SourceQuality "1"]

1. e4 c5 2. Nc3 Nc6 3. Nge2 e5 4. Nd5 d6 5. d3 Be6 6. Nec3 f5 7. g3 g6 8. Bg2 Bg7 9. 0-0 Nf6 10. Bg5 0-0 11. Qd2 Qd7 12. Bxf6 Bxf6 13. f4 Bg7 14. a4 Nd4 15. Kh1 Rae8 16. a5 Bh6 17. Rae1 Kh8 18. Qd1 fxe4 19. dxe4 exf4 20. gxf4 Qd8 21. b4 Qh4 22. Qd2 Bxd5 23. Nxd5 Ne6 24. Qc3+ Bg7 25. Qg3 Qd8 26. c3 1/2-1/2

[Event "GER-ch U16"]
[Site "Willingen"]
[Date "2021.08.24"]
[Round "3"]
[White "Colbow, Collin"]
[Black "Bui, Bao Anh Le"]
[Result "1-0"]
[WhiteElo "2356"]
[BlackElo "2179"]
[PlyCount "125"]
[EventDate "2021.08.22"]
[EventType "swiss"]
[EventRounds "9"]
[EventCountry "GER"]
[SourceTitle "EXT 2022"]
[Source "ChessBase"]
[SourceDate "2021.10.06"]
[SourceVersion "1"]
[SourceVersionDate "2021.10.06"]
[SourceQuality "1"]

1. e4 c5 2. Nc3 Nc6 3. Nge2 Nd4 4. Nxd4 cxd4 5. Ne2 e5 6. c3 dxc3 7. dxc3 Bc5 8. Ng3 Nf6 9. Qf3 d6 10. Bb5+ Bd7 11. Bxd7+ Nxd7 12. b4 Bb6 13. Nf5 Qf6 14. Qg3 d5 15. 0-0 dxe4 16. Nxg7+ Kf8 17. Nh5 Qg6 18. Qh3 Rg8 19. Ng3 Nf6 20. Bh6+ Ke8 21. Be3 Qg4 22. Qxg4 Rxg4 23. Rad1 Rd8 24. Rxd8+ Kxd8 25. h3 Rg6 26. Bxb6+ axb6 27. Re1 Kc7 28. Nxe4 Nd5 29. a3 Rc6 30. Nd2 Rxc3 31. Rxe5 Kd6 32. Rh5 Ke6 33. Nf3 Nf6 34. Nd4+ Ke7 35. Re5+ Kd7 36. Rf5 Ke7 37. Re5+ Kd7 38. Rf5 Ke7 39. Rf3 Nd5 40. Rxc3 Nxc3 41. f3 Kd6 42. Kf2 Kd5 43. Ke3 Kc4 44. Nf5 Kb3 45. Nd6 Kxa3 46. Nxf7 Kxb4 47. Kd4 Ne2+ 48. Ke5 b5 49. Nd6 Ka4 50. f4 b4 51. f5 b5 52. f6 b3 53. Ne4 b2 54. Nd2 Kb4 55. f7 Kc3 56. Nb1+ Kc2 57. Na3+ Kb3 58. f8Q b4 59. Nb1 Kc2 60. Qxb4 Kxb1 61. Qe4+ Ka1 62. Qxe2 b1Q 63. Qa6+ 1-0

[Event "Berlin BSV IM"]
[Site "Berlin"]
[Date "2021.08.05"]
[Round "6"]
[White "Bui, Bao Anh Le"]
[Black "Ahlander, Bjorn"]
[Result "1/2-1/2"]
[WhiteElo "2179"]
[BlackElo "2408"]
[PlyCount "102"]
[EventDate "2021.08.01"]
[EventType "tourn"]
[EventRounds "9"]
[EventCountry "GER"]
[EventCategory "3"]
[SourceTitle "CBM 203 Extra"]
[Source "ChessBase"]
[SourceDate "2021.09.30"]
[SourceVersion "1"]
[SourceVersionDate "2021.09.30"]
[SourceQuality "1"]

1. e4 c5 2. Nf3 e6 3. c4 Nc6 4. Nc3 Nf6 5. Be2 Qc7 6. 0-0 Ng4 7. h3 h5 8. g3 Nge5 9. Nb5 Nxf3+ 10. Bxf3 Qd8 11. Bg2 a6 12. Nc3 g6 13. f4 d6 14. d3 Bg7 15. Be3 f5 16. exf5 gxf5 17. Bxc6+ bxc6 18. d4 cxd4 19. Bxd4 Bxd4+ 20. Qxd4 Rg8 21. Kh2 c5 22. Qd1 h4 23. g4 Rb8 24. Qe2 fxg4 25. hxg4 e5 26. fxe5 Bxg4 27. Qf2 Qg5 28. exd6 Be6 29. Rae1 Qg3+ 30. Qxg3 hxg3+ 31. Kg1 Kd7 32. Ne4 Bxc4 33. Nf6+ Kxd6 34. Rd1+ Kc7 35. Rf4 Rgf8 36. Rxc4 Rxf6 37. Rxc5+ Rc6 38. Rxc6+ Kxc6 39. Rd2 Re8 40. Rc2+ Kd5 41. Kg2 Re3 42. b4 Kd4 43. a4 Ra3 44. a5 Rb3 45. Rc6 Rxb4 46. Rxa6 Rb3 47. Rg6 Ra3 48. Rg4+ Kc5 49. Rxg3 Rxg3+ 50. Kxg3 Kb5 51. a6 Kxa6 1/2-1/2

[Event "Berlin BSV IM"]
[Site "Berlin"]
[Date "2021.08.02"]
[Round "2"]
[White "Bui, Bao Anh Le"]
[Black "Arni, Julian Kirsten"]
[Result "1/2-1/2"]
[WhiteElo "2179"]
[BlackElo "2200"]
[PlyCount "83"]
[EventDate "2021.08.01"]
[EventType "tourn"]
[EventRounds "9"]
[EventCountry "GER"]
[EventCategory "3"]
[SourceTitle "CBM 203 Extra"]
[Source "ChessBase"]
[SourceDate "2021.09.30"]
[SourceVersion "1"]
[SourceVersionDate "2021.09.30"]
[SourceQuality "1"]

1. e4 c5 2. Nf3 d6 3. d4 cxd4 4. Nxd4 Nf6 5. f3 g6 6. c4 Bg7 7. Nc3 0-0 8. Be3 Nc6 9. Qd2 Bd7 10. Be2 Qa5 11. 0-0 Rfc8 12. Rfd1 Qd8 13. Rac1 Nh5 14. Nd5 e6 15. Nxc6 Bxc6 16. Nc3 Qa5 17. g4 Nf6 18. Qxd6 h5 19. b4 Qa3 20. b5 Qxd6 21. Rxd6 Be8 22. h3 Bf8 23. Rdd1 a6 24. a4 axb5 25. axb5 Ra3 26. Bd4 Nd7 27. Ra1 e5 28. Rxa3 exd4 29. Nb1 Ne5 30. Ra4 d3 31. Bxd3 Nxf3+ 32. Kg2 hxg4 33. Be2 Ne5 34. hxg4 Bd7 35. Kg3 Be6 36. Kf4 g5+ 37. Kxg5 Ng6 38. Rf1 Be7+ 39. Kh6 Bf8+ 40. Kg5 Be7+ 41. Kh6 Bf8+ 42. Kg5 1/2-1/2

[Event "GER-ch U14"]
[Site "Willingen"]
[Date "2020.10.22"]
[Round "4"]
[White "Bui, Bao Anh Le"]
[Black "Farokhi, Keyvan"]
[Result "1-0"]
[WhiteElo "2149"]
[BlackElo "2001"]
[PlyCount "67"]
[EventDate "2020.10.19"]
[EventType "swiss"]
[EventRounds "7"]
[EventCountry "GER"]
[SourceTitle "EXT 2022"]
[Source "ChessBase"]
[SourceDate "2021.10.06"]
[SourceVersion "1"]
[SourceVersionDate "2021.10.06"]
[SourceQuality "1"]

1. e4 e5 2. Nf3 Nc6 3. Bc4 Nf6 4. d3 h6 5. c3 d6 6. Nbd2 g5 7. Nf1 g4 8. Ng1 d5 9. exd5 Nxd5 10. Ne3 Nb6 11. Bb3 h5 12. a4 Bh6 13. h3 Bxe3 14. Bxe3 Nd5 15. hxg4 Nxe3 16. fxe3 h4 17. Qf3 Qe7 18. g3 Rg8 19. Rxh4 Be6 20. Bxe6 Qxe6 21. Qf5 Qxf5 22. gxf5 Rxg3 23. Kf2 Rg8 24. Nf3 Ke7 25. b4 a6 26. Rah1 b5 27. Rh6 f6 28. Rh7+ Kd6 29. Nd2 Rgd8 30. Ne4+ Kd5 31. Nxf6+ Kd6 32. Ne4+ Kd5 33. a5 Rf8 34. Rd7# 1-0

[Event "GER-ch U14"]
[Site "Willingen"]
[Date "2020.10.21"]
[Round "2"]
[White "Bui, Bao Anh Le"]
[Black "Lerchl, Clemens"]
[Result "1-0"]
[WhiteElo "2149"]
[BlackElo "1699"]
[PlyCount "83"]
[EventDate "2020.10.19"]
[EventType "swiss"]
[EventRounds "7"]
[EventCountry "GER"]
[SourceTitle "EXT 2022"]
[Source "ChessBase"]
[SourceDate "2021.10.06"]
[SourceVersion "1"]
[SourceVersionDate "2021.10.06"]
[SourceQuality "1"]

1. e4 c5 2. Nf3 d6 3. d4 Nf6 4. dxc5 Nxe4 5. cxd6 Nc6 6. dxe7 Qxd1+ 7. Kxd1 Nxf2+ 8. Ke1 Nxh1 9. exf8Q+ Rxf8 10. Bd3 Bg4 11. Bd2 0-0-0 12. Bc3 Rfe8+ 13. Kf1 Bxf3 14. gxf3 Ne5 15. Bxe5 Rxe5 16. Nc3 Rh5 17. Kg2 Nf2 18. Kxf2 Rxh2+ 19. Kg3 Rh5 20. Re1 a6 21. f4 Rc5 22. Kf3 g6 23. Ne4 Ra5 24. a3 h5 25. Ng5 Rd7 26. Re8+ Rd8 27. Re5 Rxe5 28. fxe5 Rf8 29. Bc4 Kd7 30. Bxf7 Ke7 31. e6 Rd8 32. Ne4 Rd4 33. Ke3 Rd8 34. Nc3 h4 35. Kf3 g5 36. Ne4 Rd4 37. Nxg5 Rd2 38. Nh3 Rxc2 39. Nf4 Rxb2 40. Nd5+ Kf8 41. Bh5 Rb3+ 42. Ke4 1-0

[Event "GER-chT School WK 3"]
[Site "Playchess.com INT"]
[Date "2020.06.15"]
[Round "5.1"]
[White "Bui, Bao Anh Le"]
[Black "Hommer, Jeremy"]
[Result "1/2-1/2"]
[WhiteElo "2083"]
[BlackElo "1870"]
[PlyCount "152"]
[EventDate "2020.06.15"]
[EventType "team-swiss (blitz)"]
[EventRounds "5"]
[EventCountry "GER"]
[SourceTitle "EXT 2021"]
[Source "ChessBase"]
[SourceDate "2020.10.23"]
[SourceVersion "1"]
[SourceVersionDate "2020.10.23"]
[SourceQuality "1"]
[WhiteTeam "Berlin H Hertz Gymn"]
[BlackTeam "Lueneburg W Rabe"]
[WhiteTeamCountry "GER"]
[BlackTeamCountry "GER"]

1. e4 c6 2. d4 d5 3. Nc3 dxe4 4. Nxe4 Nf6 5. Nxf6+ exf6 6. c3 Bd6 7. Bd3 0-0 8. Ne2 Re8 9. Qc2 h5 10. Be3 Nd7 11. 0-0-0 Nf8 12. Ng3 h4 13. Nf5 Bxf5 14. Bxf5 a5 15. g3 h3 16. Bxh3 b5 17. Bg2 Qc7 18. Kb1 Reb8 19. Bc1 b4 20. c4 b3 21. axb3 a4 22. bxa4 Rb4 23. c5 Rbxa4 24. Qc3 Be7 25. Bf4 Qd7 26. d5 Qf5+ 27. Qd3 Qc8 28. dxc6 Ne6 29. Be3 Bxc5 30. c7 Ra1+ 31. Kc2 Bxe3 32. Rxa1 Qxc7+ 33. Qc3 Rc8 34. Qxc7 Rxc7+ 35. Kd3 Bxf2 36. Ra8+ Kh7 37. Be4+ g6 38. Ke2 Bd4 39. b4 f5 40. Bd5 Rc2+ 41. Kd3 Rc3+ 42. Kd2 Kg7 43. Bxe6 fxe6 44. Rc1 Rb3 45. Rc4 Rb2+ 46. Kc1 Be5 47. Ra7+ Kf6 48. Rb7 Rxh2 49. b5 Rg2 50. b6 Rg1+ 51. Kc2 Rg2+ 52. Kb3 Rxg3+ 53. Ka4 f4 54. Rh7 f3 55. b7 f2 56. Rc1 Rf3 57. Rf1 g5 58. Rh8 g4 59. Kb4 g3 60. Rf8+ Kg5 61. Rxf3 Kg4 62. R3xf2 gxf2 63. Rxf2 Kg5 64. Re2 Kf5 65. Rxe5+ Kxe5 66. b8R Kf5 67. Re8 e5 68. Kc4 e4 69. Kd4 Kf4 70. Rxe4+ Kg5 71. Ke3 Kg6 72. Kf3 Kf6 73. Kf4 Kg6 74. Re5 Kg7 75. Rf5 Kg6 76. Kg4 Kh6 1/2-1/2

[Event "GER Cup Net V2 U2400"]
[Site "Playchess.com INT"]
[Date "2020.05.22"]
[Round "9"]
[White "De Reuter, Uwe"]
[Black "Bui, Bao Anh Le"]
[Result "1-0"]
[WhiteElo "1901"]
[BlackElo "1877"]
[PlyCount "69"]
[EventDate "2020.05.22"]
[EventType "swiss (blitz)"]
[EventRounds "9"]
[EventCountry "GER"]
[SourceTitle "EXT 2021"]
[Source "ChessBase"]
[SourceDate "2020.10.23"]
[SourceVersion "1"]
[SourceVersionDate "2020.10.23"]
[SourceQuality "1"]

1. d4 d5 2. c4 e6 3. Nc3 c6 4. cxd5 exd5 5. Bf4 Bd6 6. Bxd6 Qxd6 7. e3 Ne7 8. Nf3 Bf5 9. Be2 0-0 10. 0-0 Nd7 11. a3 a5 12. Nh4 Bg6 13. Nxg6 fxg6 14. Bf3 b5 15. Rc1 Nf6 16. Qc2 Nf5 17. Ne2 Rac8 18. Qc5 Qd7 19. Ng3 Nd6 20. b3 Rc7 21. Rc2 Ra8 22. Rfc1 a4 23. Qc3 axb3 24. Qxb3 Nc4 25. Ra2 Rca7 26. Rca1 Qe7 27. Be2 Rxa3 28. Rxa3 Rxa3 29. Rxa3 Qxa3 30. Bxc4 Qc1+ 31. Bf1 Ng4 32. h3 Nf6 33. Ne2 Qa1 34. Qc3 Ne4 35. Qxa1 1-0